[Event "Wattenscheid- Bochum"]
[Site "?"]
[Date "2022.09.11"]
[Round "1.1"]
[White "Kotainy, Jens"]
[Black "Koscielski, Janusz"]
[Result "1/2-1/2"]
[WhiteElo "2436"]
[BlackElo "2252"]
[PlyCount "69"]
[EventDate "2022.??.??"]
[SourceVersionDate "2023.06.22"]

1. e4 c6 2. Nf3 d5 3. exd5 cxd5 4. Ne5 Nc6 5. d4 Nf6 6. Bb5 Bd7 7. Nxd7 Qxd7 8.
O-O a6 9. Be2 e6 10. c3 Bd6 11. f4 Ne4 12. Nd2 f5 13. Nf3 Qc7 14. Ne5 O-O 15.
a4 Kh8 16. Rf3 g5 17. Rh3 Nxe5 18. fxe5 Be7 19. Rh6 Qd7 20. Bd3 Rg8 21. g4 Rg6
22. Rh5 Rf8 23. Be3 Rg7 24. Qe2 Qe8 25. Bc2 fxg4 26. Qxg4 Rf4 27. Qe2 Qf7 28.
Rh6 Rf3 29. c4 Qf5 30. Rxe6 Qg4+ 31. Qg2 Qxg2+ 32. Kxg2 Rxe3 33. cxd5 Rf7 34.
Bxe4 Rxe4 35. d6 1/2-1/2

[Event "Wattenscheid- Bochum"]
[Site "?"]
[Date "2022.09.11"]
[Round "1.2"]
[White "Schiffer, Kai- Uwe"]
[Black "Werthebach, Felix"]
[Result "1-0"]
[WhiteElo "2295"]
[BlackElo "2229"]
[Annotator "daniel"]
[PlyCount "155"]
[EventDate "2022.??.??"]
[SourceVersionDate "2023.06.22"]

1. e4 c5 2. c3 Nf6 3. e5 Nd5 4. Nf3 e6 5. Bc4 Nb6 6. Bb3 Nc6 7. d4 cxd4 8. cxd4
d6 9. exd6 Bxd6 10. O-O O-O 11. Nc3 Nb4 12. Re1 N4d5 13. Qd3 Nf4 14. Qe4 Nbd5
15. Ne5 Nxc3 16. bxc3 Ng6 17. Nf3 Qc7 18. Bd2 Bd7 19. g3 Bc6 20. Qe2 b6 21. Ng5
Rfe8 22. Qh5 Nf8 23. c4 Bb7 24. c5 bxc5 25. dxc5 Be5 26. Rxe5 Qxe5 27. Qxf7+
Kh8 28. Re1 Qd4 29. Qxb7 Qxd2 30. Nf7+ Kg8 31. Rd1 Qe2 32. Nd6 Reb8 33. Qf7+
Kh8 34. Rd4 Ng6 35. Qxe6 Qxe6 36. Bxe6 Ne5 37. Rd5 Nf3+ 38. Kg2 Ne1+ 39. Kf1
Rb1 40. c6 Rc1 41. Ke2 g6 42. Nf7+ Kg7 43. Rd7 Kf6 44. Bd5 Re8+ 45. Kd2 Rc2+
46. Kd1 Rc5 47. f4 Nc2 48. Bb3 Ne3+ 49. Kd2 Nf1+ 50. Kd3 Re3+ 51. Kd4 Rxc6 52.
Ne5 Rxb3 53. Nxc6 Rb2 54. Rxa7 Rxh2 $11 55. g4 g5 56. fxg5+ Kxg5 57. Ne5 Nd2
58. Rf7 Rh3 59. Rf5+ Kh6 60. Rf2 Nb1 61. Nf3 Rg3 62. g5+ Kg6 63. Kd3 Na3 64.
Kc3 Kf5 65. Kb4 Nc2+ 66. Rxc2 Rxf3 67. Rc5+ Kg6 68. a4 Rf1 69. a5 Rb1+ 70. Kc4
Kf7 71. a6 Ra1 72. Kb5 Ke6 73. Kb6 Kd6 74. Rc6+ Kd5 75. Kb7 Rb1+ 76. Rb6 Rf1
77. a7 Rf7+ 78. Ka6 1-0

[Event "Wattenscheid- Bochum"]
[Site "?"]
[Date "2022.09.11"]
[Round "1.4"]
[White "Straeter, Timo"]
[Black "Mazarov, Juergen"]
[Result "1/2-1/2"]
[WhiteElo "2291"]
[BlackElo "2136"]
[PlyCount "130"]
[EventDate "2022.??.??"]
[SourceVersionDate "2023.06.22"]

1. d4 g6 2. Nf3 Bg7 3. e4 d6 4. c3 Nd7 5. Bg5 c6 6. Nbd2 Qc7 7. Be2 b6 8. O-O
Bb7 9. Re1 f6 10. Be3 e5 11. dxe5 dxe5 12. Nc4 Bf8 13. b4 O-O-O 14. Qc2 Nh6 15.
Rad1 Nf7 16. a4 Be7 17. Qa2 Rhf8 18. a5 b5 19. a6 Ba8 20. Na5 Kb8 21. Rb1 Nd6
22. c4 Nxe4 23. Rec1 bxc4 24. Qxc4 f5 25. b5 c5 26. Nc6+ Bxc6 27. bxc6+ Nb6 28.
Qc2 g5 29. g3 g4 30. Nxe5 Qxe5 31. Bf4 Qxf4 32. gxf4 Rd2 33. Qc4 Bh4 34. Qe6
Bxf2+ 35. Kf1 Bh4 36. Qh6 Be7 37. Qxh7 Re8 38. Qxf5 Rd4 39. Qe5+ Ka8 40. Qc7
Nd6 41. Rxc5 Rxf4+ 42. Kg1 Rf7 43. Re5 Rc8 44. Qd7 Nxd7 45. cxd7 Rd8 46. Bf1
Rxf1+ 47. Kxf1 Rxd7 48. Rd1 Kb8 49. Rxe7 Rxe7 50. Rxd6 Kc7 51. Rg6 Re4 52. Kg2
Ra4 53. Kg3 Kd8 54. Rh6 Kc7 55. Rg6 Kd8 56. Rh6 Kc7 57. Kh4 Kd8 58. Kg5 Kc7 59.
Kf5 Kd8 60. Rg6 Kc7 61. Rxg4 Rxa6 62. Rg7+ Kd8 63. h4 Ke8 64. h5 Kf8 65. Rb7
Kg8 1/2-1/2

[Event "Wattenscheid- Bochum"]
[Site "?"]
[Date "2022.09.11"]
[Round "1.5"]
[White "Rempe, Moritz"]
[Black "Wengenroth, Walter"]
[Result "0-1"]
[WhiteElo "2004"]
[BlackElo "2298"]
[PlyCount "72"]
[EventDate "2022.??.??"]
[SourceVersionDate "2023.06.22"]

1. e4 c5 2. Nf3 d6 3. d4 cxd4 4. Nxd4 Nf6 5. Nc3 Nc6 6. Be2 e6 7. Be3 Be7 8.
Qd2 O-O 9. O-O-O a6 10. f3 Nxd4 11. Qxd4 b5 12. Rd2 Nd7 13. Kb1 Qc7 14. h4 Nc5
15. Bf2 Rb8 16. h5 Rd8 17. Bh4 h6 18. Bxe7 Qxe7 19. Rc1 b4 20. Nd1 Bb7 21. Nf2
a5 22. Nd3 Ba6 23. Rcd1 Na4 24. Ka1 Qc7 25. Nc1 Bxe2 26. Nxe2 Rb5 27. c4 Rxh5
28. Rc1 Rc5 29. b3 Nb6 30. Rcc2 d5 31. exd5 exd5 32. Nf4 Rc8 33. Nh5 f6 34. Qg4
Qf7 35. Rc1 dxc4 36. Rd6 Qxh5 0-1

[Event "Wattenscheid- Bochum"]
[Site "?"]
[Date "2022.09.11"]
[Round "1.6"]
[White "Sandkamp, Ralph"]
[Black "Zeldin, Vitali"]
[Result "1-0"]
[WhiteElo "2241"]
[BlackElo "2094"]
[PlyCount "111"]
[EventDate "2022.??.??"]
[SourceVersionDate "2023.06.22"]

1. Nf3 c5 2. g3 Nc6 3. Bg2 d6 4. O-O g6 5. d4 cxd4 6. Nxd4 Bd7 7. c4 Bg7 8. Nc2
Nf6 9. Nc3 O-O 10. b3 a6 11. Bb2 Rc8 12. Qd2 Qc7 13. Rac1 Rfd8 14. Rfd1 Qb8 15.
Ne3 Be6 16. a4 Qa7 17. Ncd5 Bxd5 18. cxd5 Ne5 19. Bd4 Qb8 20. a5 Rxc1 21. Rxc1
Rc8 22. Bh3 Rxc1+ 23. Qxc1 Ned7 24. Bxf6 Nxf6 25. Qc8+ Qxc8 26. Bxc8 Ne4 27. b4
Nc3 28. Bxb7 Na2 29. Bxa6 Bc3 30. b5 Bxa5 31. Nc4 Bd8 32. b6 Nb4 33. Bb7 e6 34.
e4 Kf8 35. Kf1 Ke7 36. Bc6 f5 37. f3 fxe4 38. fxe4 exd5 39. exd5 Nd3 40. Ke2
Nc5 41. b7 Bc7 42. Na3 Bb8 43. Nc2 Nd7 44. Bxd7 Kxd7 45. Nd4 Kc7 46. Ne6+ Kxb7
47. Nf8 Kb6 48. Kd3 Bc7 49. Nxh7 Bd8 50. Nf8 g5 51. Ke4 Kb5 52. Ng6 Kc4 53. h4
gxh4 54. gxh4 Bf6 55. h5 Bg5 56. Nh8 1-0

[Event "Wattenscheid- Bochum"]
[Site "?"]
[Date "2022.09.11"]
[Round "1.7"]
[White "Stachnik, Adam"]
[Black "Thiel, Thomas"]
[Result "0-1"]
[WhiteElo "2103"]
[BlackElo "2230"]
[PlyCount "54"]
[EventDate "2022.??.??"]
[SourceVersionDate "2023.06.22"]

1. e4 d5 2. exd5 Nf6 3. g3 Qxd5 4. Nf3 Qe4+ 5. Be2 Bg4 6. Nc3 Qe6 7. Ng5 Qf5 8.
d3 Bxe2 9. Qxe2 Nc6 10. Be3 e6 11. a3 Bc5 12. Bxc5 Qxc5 13. Nge4 Nxe4 14. Qxe4
O-O-O 15. O-O-O Nd4 16. f4 f5 17. Qg2 Rd6 18. Rhe1 Rc6 19. Re5 Qb6 20. Rde1 Qa6
21. g4 g6 22. gxf5 gxf5 23. Rg1 Rd8 24. Qf2 Rxc3 25. bxc3 Qxa3+ 26. Kd2 Nxc2
27. Qc5 Qb2 0-1

[Event "Wattenscheid- Bochum"]
[Site "?"]
[Date "2022.09.11"]
[Round "1.8"]
[White "Hirsch, Stefan"]
[Black "Walny, Benjamin"]
[Result "0-1"]
[WhiteElo "2161"]
[BlackElo "1806"]
[PlyCount "50"]
[EventDate "2022.??.??"]
[SourceVersionDate "2023.06.22"]

1. c4 e5 2. Nc3 Bb4 3. Nd5 Bc5 4. e3 Ne7 5. d4 Nxd5 6. cxd5 exd4 7. exd4 Bb4+
8. Bd2 Qe7+ 9. Be2 O-O 10. Nf3 Re8 11. O-O Qxe2 12. Qxe2 Rxe2 13. Bxb4 d6 14.
Rfe1 Rxe1+ 15. Rxe1 Kf8 16. Ng5 Na6 17. Nxh7+ Kg8 18. Ng5 Bd7 19. Re7 Bb5 20.
Bc3 Bc4 21. Rxf7 Bxa2 22. Rf5 Rf8 23. Rxf8+ Kxf8 24. Ne6+ Kg8 25. Nd8 Bxd5 0-1

[Event "Münster- Köln"]
[Site "?"]
[Date "2022.09.11"]
[Round "1.1"]
[White "Morawietz, Dieter"]
[Black "Schmitzer, Klaus"]
[Result "1/2-1/2"]
[WhiteElo "2396"]
[BlackElo "2241"]
[PlyCount "88"]
[EventDate "2022.??.??"]
[SourceVersionDate "2023.06.22"]

1. e4 c6 2. d4 d5 3. e5 Bf5 4. Nf3 e6 5. Be2 Nd7 6. O-O Bg6 7. Nbd2 Nh6 8. Ne1
Be7 9. Nd3 O-O 10. Nf3 c5 11. c3 Qb6 12. Bxh6 gxh6 13. Qd2 Kg7 14. Nf4 Rac8 15.
Rac1 cxd4 16. cxd4 Rc6 17. Bd1 Qa6 18. Bb3 Rfc8 19. h3 b5 20. Nh2 h5 21. g4
hxg4 22. Nxg4 Qb6 23. Rxc6 Rxc6 24. h4 Qd8 25. Kg2 Kh8 26. Nxg6+ fxg6 27. Rh1
Qf8 28. Rh3 Rc8 29. h5 g5 30. Rf3 Qg7 31. Qd3 Rf8 32. Rxf8+ Nxf8 33. Qxb5 Qf7
34. f3 Qxh5 35. Qb7 Ng6 36. Kg1 Qh4 37. Qc8+ Kg7 38. Qxe6 Qg3+ 39. Kf1 Qxf3+
40. Nf2 Qf4 41. Qxd5 Qc1+ 42. Nd1 Qf4+ 43. Nf2 Qc1+ 44. Nd1 Qf4+ 1/2-1/2

[Event "Münster- Köln"]
[Site "?"]
[Date "2022.09.11"]
[Round "1.2"]
[White "Chilla, Jan Eric"]
[Black "Helbig, Mark"]
[Result "0-1"]
[WhiteElo "2242"]
[BlackElo "2269"]
[PlyCount "126"]
[EventDate "2022.??.??"]
[SourceVersionDate "2023.06.22"]

1. Nf3 Nf6 2. g3 e6 3. Bg2 d5 4. O-O Be7 5. b3 b6 6. c4 Bb7 7. Bb2 O-O 8. e3
Nbd7 9. Qe2 c5 10. Nc3 dxc4 11. bxc4 Ne4 12. Nxe4 Bxe4 13. d3 Bb7 14. a4 Bf6
15. a5 Rb8 16. axb6 axb6 17. Ra3 b5 18. Bxf6 Nxf6 19. cxb5 Bxf3 20. Qxf3 Rxb5
21. Qc6 Qb8 22. Rc1 Rc8 23. Ra8 Rxc6 24. Bxc6 Qxa8 25. Bxa8 g6 26. Bf3 g5 27.
Rc2 Kg7 28. Kg2 Kg6 29. Be2 Ra5 30. h3 Nd5 31. Rb2 h6 32. Bd1 Kf6 33. Bh5 Ra7
34. Kf1 Rc7 35. Rc2 Nb4 36. Rc3 Ra7 37. Be2 Ra1+ 38. Kg2 Ra2 39. Kf1 Ra1+ 40.
Kg2 Ra2 41. Kf3 Nc2 42. Ke4 Ke7 43. g4 Nb4 44. Bd1 Rxf2 45. Rxc5 Rd2 46. Ba4
Nxd3 47. Rc2 Rxc2 48. Bxc2 Nc5+ 49. Kd4 Kd6 50. Bh7 Nd7 51. Bb1 Nf6 52. Bc2 h5
53. Bd1 h4 54. Bc2 Nd7 55. Bb1 Nc5 56. Bc2 f6 57. Bb1 f5 58. gxf5 e5+ 59. Kc4
g4 60. hxg4 h3 61. f6 h2 62. f7 Ke7 63. Kxc5 h1=Q 0-1

[Event "Münster- Köln"]
[Site "?"]
[Date "2022.09.11"]
[Round "1.3"]
[White "Wacker, Peter"]
[Black "Muschik, Benedikt"]
[Result "1-0"]
[WhiteElo "2275"]
[BlackElo "2319"]
[PlyCount "47"]
[EventDate "2022.??.??"]
[SourceVersionDate "2023.06.22"]

1. e4 g6 2. Nc3 Bg7 3. d4 d6 4. g3 a6 5. a4 b6 6. Bg2 Bb7 7. Nge2 e6 8. O-O Ne7
9. Be3 Nd7 10. Qd2 h6 11. Rad1 c6 12. Nb1 a5 13. Na3 Ba6 14. c4 Rc8 15. Rfe1
Nf6 16. f3 Kf8 17. e5 Ne8 18. exd6 Nxd6 19. b3 Kg8 20. Bf2 Kh7 21. Nc3 Re8 22.
Bf1 Ng8 23. Ne4 Nf6 24. Nxd6 1-0

[Event "Münster- Köln"]
[Site "?"]
[Date "2022.09.11"]
[Round "1.4"]
[White "Wolter, Kai"]
[Black "Bayer, Ernst- Wolfgang"]
[Result "1/2-1/2"]
[WhiteElo "2230"]
[BlackElo "2244"]
[PlyCount "30"]
[EventDate "2022.??.??"]
[SourceVersionDate "2023.06.22"]

1. e4 d5 2. exd5 Qxd5 3. Nc3 Qd8 4. d4 Nf6 5. Nf3 c6 6. Be3 Bf5 7. h3 h6 8. Bd3
Bxd3 9. Qxd3 e6 10. O-O-O Nbd7 11. Kb1 Qc7 12. Ne4 O-O-O 13. c4 Nxe4 14. Qxe4
Nf6 15. Qc2 c5 1/2-1/2

[Event "Münster- Köln"]
[Site "?"]
[Date "2022.09.11"]
[Round "1.5"]
[White "Bonnmann, Reinhard"]
[Black "Wilde, Pierre"]
[Result "1-0"]
[WhiteElo "2267"]
[BlackElo "2255"]
[PlyCount "75"]
[EventDate "2022.??.??"]
[SourceVersionDate "2023.06.22"]

1. d4 e6 2. Nf3 c5 3. c4 cxd4 4. Nxd4 b6 5. e4 d6 6. g3 Bb7 7. Bg2 a6 8. O-O
Nf6 9. Nc3 Qc7 10. Bg5 Nbd7 11. Rc1 Rc8 12. b4 Be7 13. b5 a5 14. Nc6 Ne5 15.
Nxe7 Qxe7 16. Na4 Rxc4 17. Rxc4 Nxc4 18. Qd4 Ne5 19. Nxb6 O-O 20. Rd1 h6 21.
Bxf6 Qxf6 22. f4 Ng4 23. Qxf6 Nxf6 24. Rxd6 Bxe4 25. Nd7 Nxd7 26. Rxd7 Bxg2 27.
Kxg2 g5 28. b6 Kg7 29. Kf3 Kf6 30. Ke4 gxf4 31. gxf4 Rc8 32. Rc7 Rb8 33. b7 e5
34. fxe5+ Ke6 35. a4 h5 36. h4 f5+ 37. exf6 Kxf6 38. Kd5 1-0

[Event "Münster- Köln"]
[Site "?"]
[Date "2022.09.11"]
[Round "1.6"]
[White "Wichtrup, Jan- Louis"]
[Black "Wisskirchen, Andreas"]
[Result "1/2-1/2"]
[WhiteElo "2162"]
[BlackElo "2203"]
[Annotator "daniel"]
[PlyCount "55"]
[EventDate "2022.??.??"]
[SourceVersionDate "2023.06.22"]

1. d4 Nf6 2. c4 g6 3. Nc3 Bg7 4. e4 d6 5. Nf3 O-O 6. Be2 e5 7. dxe5 dxe5 8.
Qxd8 Rxd8 9. Bg5 Re8 10. Nd5 Nxd5 11. cxd5 c6 12. Bc4 cxd5 13. Bxd5 Nc6 14.
O-O-O Nb4 15. Bb3 Be6 16. Bxe6 Rxe6 17. Kb1 Na6 18. Be3 Bf8 19. Rd5 f6 20. Nd2
Rd6 21. Rxd6 Bxd6 22. Nb3 Kf7 $11 23. f3 Ke6 24. Rd1 b6 25. a4 Bb4 26. Rd5 Nc7
27. Rd3 Na6 28. Rd5 1/2-1/2

[Event "Münster- Köln"]
[Site "?"]
[Date "2022.09.11"]
[Round "1.7"]
[White "Schmidt, Martin"]
[Black "Rott, Georg"]
[Result "1/2-1/2"]
[WhiteElo "2219"]
[BlackElo "2066"]
[PlyCount "148"]
[EventDate "2022.??.??"]
[SourceVersionDate "2023.06.22"]

1. d4 d5 2. Nc3 e6 3. Bf4 Nf6 4. e3 Be7 5. Bd3 O-O 6. Nf3 a6 7. O-O Nbd7 8. e4
dxe4 9. Nxe4 Nd5 10. Bd2 c5 11. dxc5 Nxc5 12. Nxc5 Bxc5 13. Qe2 Re8 14. c4 Nb4
15. Bb1 Nc6 16. Bc3 f6 17. a3 a5 18. Rd1 Qe7 19. Bc2 e5 20. Be4 Bg4 21. h3 Bh5
22. Qc2 Kh8 23. g4 Bf7 24. Nd2 g6 25. Bd3 Bd4 26. Ne4 f5 27. Ng3 fxg4 28. hxg4
Qh4 29. Kg2 Qxg4 30. f3 Qg5 31. Re1 Be3 32. Rxe3 Qxe3 33. Re1 Qg5 34. Bd2 Qd8
35. Ne4 Nd4 36. Qc3 b5 37. Bg5 b4 38. Qd2 Qb6 39. Bf6+ Kg8 40. Qh6 Nf5 41. c5
Nxh6 42. cxb6 Re6 43. b7 Rb8 44. axb4 axb4 45. Bg5 Nf5 46. Nc5 Rd6 47. Rxe5
Rxd3 48. Nxd3 Rxb7 49. Rc5 Kg7 50. Bf4 Be6 51. Nf2 h6 52. Ne4 g5 53. Be5+ Kf7
54. Rc6 Rd7 55. Rb6 b3 56. Kf2 Nh4 57. Bc3 Rd3 58. Nd2 h5 59. Ke2 Rd5 60. Nxb3
g4 61. fxg4 Bxg4+ 62. Ke3 Rf5 63. Nd2 Ng2+ 64. Kd3 h4 65. Ne4 h3 66. Nd6+ Kg6
67. Nxf5+ Kxf5 68. Rb5+ Kf4 69. Be5+ Kf3 70. Rb8 Nf4+ 71. Bxf4 Kxf4 72. Rf8+
Kg3 73. Rh8 h2 74. Rxh2 Kxh2 1/2-1/2

[Event "Münster- Köln"]
[Site "?"]
[Date "2022.09.11"]
[Round "1.8"]
[White "Kamp, Christoph"]
[Black "Klemenz, Luca"]
[Result "1/2-1/2"]
[WhiteElo "2221"]
[BlackElo "1884"]
[PlyCount "43"]
[EventDate "2022.??.??"]
[SourceVersionDate "2023.06.22"]

1. c4 Nf6 2. Nc3 e5 3. Nf3 Nc6 4. a3 d5 5. d4 exd4 6. Nxd4 dxc4 7. Nxc6 Qxd1+
8. Nxd1 bxc6 9. f3 Be6 10. e4 Nd7 11. Be3 Nb6 12. Rc1 O-O-O 13. Bxb6 cxb6 14.
Bxc4 Bxc4 15. Rxc4 Kb7 16. Ke2 g6 17. Ne3 Bg7 18. Rc2 Rhe8 19. g4 Rd6 20. Rd1
Red8 21. Rxd6 Rxd6 22. b3 1/2-1/2

[Event "Hansa Dortmund- Brackel"]
[Site "?"]
[Date "2022.09.11"]
[Round "1.1"]
[White "Fiebig, Thomas"]
[Black "Wegener, Olaf"]
[Result "1/2-1/2"]
[WhiteElo "2418"]
[BlackElo "2408"]
[PlyCount "61"]
[EventDate "2022.??.??"]
[SourceVersionDate "2023.06.22"]

1. e4 c5 2. c3 Nf6 3. e5 Nd5 4. Nf3 d6 5. d4 cxd4 6. cxd4 Nc6 7. Bc4 Nb6 8. Bb5
dxe5 9. Nxe5 Bd7 10. Nxd7 Qxd7 11. Nc3 e6 12. O-O Rd8 13. Be3 a6 14. Bxc6 Qxc6
15. Rc1 Nd5 16. Qg4 h5 17. Qf3 Be7 18. h3 Nxc3 19. Qxc6+ bxc6 20. Rxc3 Kd7 21.
Rfc1 Rc8 22. Rc4 Bd6 23. Bd2 h4 24. b3 Rh5 25. Kf1 Rd5 26. Ke2 g5 27. R1c2 f6
28. Be3 Rc7 29. Ra4 Ra7 30. Rac4 Rc7 31. Ra4 1/2-1/2

[Event "Hansa Dortmund- Brackel"]
[Site "?"]
[Date "2022.09.11"]
[Round "1.2"]
[White "Scholz, Christian"]
[Black "Luft, Dennis"]
[Result "1/2-1/2"]
[WhiteElo "2338"]
[BlackElo "2313"]
[PlyCount "93"]
[EventDate "2022.??.??"]
[SourceVersionDate "2023.06.22"]

1. d4 d5 2. c4 e6 3. Nc3 Nf6 4. cxd5 exd5 5. Bg5 Be7 6. Qc2 c6 7. e3 Nbd7 8.
Bd3 O-O 9. Nge2 Re8 10. O-O Nf8 11. Rad1 Bd7 12. f3 Nh5 13. Bxe7 Qxe7 14. e4
dxe4 15. fxe4 Rad8 16. Kh1 Qg5 17. e5 Bg4 18. Ne4 Qh6 19. Qd2 Qxd2 20. Rxd2
Bxe2 21. Bxe2 Nf6 22. Nd6 Rxd6 23. exd6 Ne4 24. Rd3 Nxd6 25. Bf3 Ng6 26. g3 Kf8
27. b4 Rd8 28. a4 Nc4 29. b5 Nge5 30. Rdd1 Nxf3 31. Rxf3 cxb5 32. axb5 Nd6 33.
Rb1 b6 34. Kg2 Rc8 35. Rf2 Ke7 36. Ra2 Rc7 37. Kf3 Ke6 38. d5+ Kd7 39. Ke3 Kd8
40. Kd4 Kd7 41. Ra3 Kd8 42. Rc3 Re7 43. h3 Re4+ 44. Kd3 Re5 45. Kd4 Re4+ 46.
Kd3 Re5 47. Kd4 1/2-1/2

[Event "Hansa Dortmund- Brackel"]
[Site "?"]
[Date "2022.09.11"]
[Round "1.3"]
[White "Kartsev, Soel"]
[Black "Kotter, Ralf"]
[Result "0-1"]
[WhiteElo "2162"]
[BlackElo "2340"]
[PlyCount "64"]
[EventDate "2022.??.??"]
[SourceVersionDate "2023.06.22"]

1. d4 Nf6 2. c4 e6 3. Nf3 b6 4. g3 Ba6 5. Nbd2 d5 6. Bg2 Bd6 7. O-O O-O 8. Ne5
Bb7 9. cxd5 exd5 10. Ndc4 Be7 11. Ne3 g6 12. f4 Nbd7 13. Qb3 c6 14. f5 Qc7 15.
N3g4 Nxe5 16. Nxe5 Nd7 17. Bh6 Nxe5 18. Bxf8 Rxf8 19. dxe5 Qxe5 20. fxg6 hxg6
21. Qc2 Bc5+ 22. Kh1 Kg7 23. a3 Bd4 24. Rab1 Rh8 25. Rf3 Bc8 26. Rf4 Be3 27.
Rbf1 Bxf4 28. Rxf4 c5 29. b4 d4 30. bxc5 bxc5 31. Re4 Qxg3 32. h4 Bb7 0-1

[Event "Hansa Dortmund- Brackel"]
[Site "?"]
[Date "2022.09.11"]
[Round "1.4"]
[White "Karger, Frank"]
[Black "Fluechter, Gregor"]
[Result "1/2-1/2"]
[WhiteElo "2265"]
[BlackElo "2266"]
[PlyCount "62"]
[EventDate "2022.??.??"]
[SourceVersionDate "2023.06.22"]

1. d4 d5 2. c4 c6 3. Nf3 Nf6 4. Qb3 dxc4 5. Qxc4 Bf5 6. g3 e6 7. Bg2 Be7 8. O-O
O-O 9. Qb3 Qb6 10. Nbd2 Na6 11. Nc4 Qxb3 12. axb3 Nb4 13. Bf4 Nfd5 14. Bd6 Be4
15. Bxe7 Nxe7 16. Nd6 Bxf3 17. Bxf3 Nf5 18. Nxf5 exf5 19. Rfc1 Rfd8 20. e3 Nd5
21. Ra5 Ne7 22. d5 Nxd5 23. Bxd5 Rxd5 24. Rxd5 cxd5 25. Rc7 b6 26. Kf1 g6 27.
Ke2 Kg7 28. Kd3 Kf6 29. Kd4 Ke6 30. Rc6+ Kd7 31. Kxd5 Re8 1/2-1/2

[Event "Hansa Dortmund- Brackel"]
[Site "?"]
[Date "2022.09.11"]
[Round "1.5"]
[White "Prieb, Robert"]
[Black "Christensen, Niels"]
[Result "1-0"]
[WhiteElo "2119"]
[BlackElo "2315"]
[PlyCount "71"]
[EventDate "2022.??.??"]
[SourceVersionDate "2023.06.22"]

1. d4 d5 2. Nf3 Nf6 3. c4 c6 4. Nc3 e6 5. e3 Nbd7 6. Qc2 Bd6 7. g4 h6 8. Rg1 e5
9. cxd5 cxd5 10. Nb5 Bb8 11. g5 hxg5 12. Nxg5 e4 13. Bd2 a6 14. Rc1 Bxh2 15.
Nc7+ Bxc7 16. Qxc7 Qxc7 17. Rxc7 O-O 18. Bh3 a5 19. Ke2 b6 20. Rgc1 Ba6+ 21.
Kd1 Rfd8 22. R1c6 Rac8 23. a4 Rxc7 24. Rxc7 Kf8 25. b4 axb4 26. Bxb4+ Ke8 27.
Ra7 Bd3 28. Bf5 g6 29. Bh3 Ng8 30. Nxf7 Kxf7 31. Bxd7 Kf6 32. Rb7 Kg5 33. Bc6
Nf6 34. Rxb6 Rh8 35. Be7 Kf5 36. Bb5 1-0

[Event "Hansa Dortmund- Brackel"]
[Site "?"]
[Date "2022.09.11"]
[Round "1.6"]
[White "Sundorf, Jannik"]
[Black "Lando, Korten"]
[Result "1/2-1/2"]
[WhiteElo "2197"]
[BlackElo "2106"]
[PlyCount "88"]
[EventDate "2022.??.??"]
[SourceVersionDate "2023.06.22"]

1. d4 Nf6 2. c4 g6 3. Nf3 Bg7 4. Nc3 O-O 5. g3 d6 6. Bg2 c6 7. O-O Bf5 8. Ne1
Be6 9. b3 d5 10. cxd5 Nxd5 11. Bb2 Na6 12. Nxd5 Bxd5 13. e4 Be6 14. Qd2 Qb6 15.
Rd1 Rad8 16. Nc2 c5 17. Bc3 cxd4 18. Ba5 Qc5 19. Bxd8 Rxd8 20. Ne1 Nb4 21. Nd3
Nxd3 22. Qxd3 Bd7 23. Qd2 Bc6 24. Rc1 Qb6 25. Rfe1 e5 26. Bf1 Bf8 27. Qg5 d3
28. Red1 Bxe4 29. Qxe5 d2 30. Qxe4 dxc1=Q 31. Rxc1 Rd2 32. Qe3 Qxe3 33. fxe3
Bh6 34. Rc8+ Kg7 35. a4 Bxe3+ 36. Kh1 g5 37. Re8 Bb6 38. g4 Kg6 39. Bc4 Bc5 40.
Re2 Rd4 41. h3 b6 42. Kg2 a5 43. Re5 f6 44. Rd5 Rxd5 1/2-1/2

[Event "Hansa Dortmund- Brackel"]
[Site "?"]
[Date "2022.09.11"]
[Round "1.7"]
[White "Goldschmidt, Christian"]
[Black "Linker, Walter"]
[Result "1-0"]
[WhiteElo "2226"]
[BlackElo "2044"]
[PlyCount "51"]
[EventDate "2022.??.??"]
[SourceVersionDate "2023.06.22"]

1. e4 e5 2. f4 exf4 3. Nf3 d6 4. d4 g5 5. Nc3 Bg7 6. g3 g4 7. Nh4 f3 8. Be3 Bf6
9. Qd2 c6 10. O-O-O Qa5 11. Kb1 Ne7 12. Nd5 Nxd5 13. Qxa5 Nxe3 14. Rd3 Nxf1 15.
Rxf1 b6 16. Qh5 Bxh4 17. gxh4 Ba6 18. Qxg4 Bxd3 19. cxd3 Nd7 20. Rxf3 O-O-O 21.
Rxf7 Rhg8 22. Qf4 Kc7 23. e5 Rg6 24. Qf5 Rg1+ 25. Kc2 Rg2+ 26. Kc3 1-0

[Event "Hansa Dortmund- Brackel"]
[Site "?"]
[Date "2022.09.11"]
[Round "1.8"]
[White "Hillebrand, Carsten"]
[Black "Strathoff, Martin"]
[Result "1/2-1/2"]
[WhiteElo "1949"]
[BlackElo "2112"]
[PlyCount "74"]
[EventDate "2022.??.??"]
[SourceVersionDate "2023.06.22"]

1. d4 d5 2. Nf3 Nf6 3. g3 c5 4. Bg2 Nc6 5. O-O e6 6. e3 Be7 7. dxc5 O-O 8. c4
dxc4 9. Na3 Bxc5 10. Nxc4 Qe7 11. Nce5 Qc7 12. Nxc6 Qxc6 13. b3 Qb6 14. Bb2 Rd8
15. Qc2 Bd7 16. Ne5 Bb5 17. Rfd1 Rdc8 18. Rac1 Rc7 19. Qb1 Rac8 20. Nc4 Qa6 21.
a4 Be8 22. Be5 Re7 23. Nd6 Bxd6 24. Bxd6 Rxc1 25. Qxc1 Rd7 26. Be5 Qb6 27. Bxf6
gxf6 28. Rxd7 Bxd7 29. Qc3 Kg7 30. h4 e5 31. a5 Qa6 32. Qc7 Bc6 33. Bf1 Bb5 34.
Bg2 Bc6 35. Bf1 Bb5 36. Bg2 Bc6 37. Bf1 Bb5 1/2-1/2

[Event "Lieme- Solingen 3"]
[Site "?"]
[Date "2022.09.11"]
[Round "1.1"]
[White "Zolfagharian, Kevin"]
[Black "Schuh, Dirk"]
[Result "0-1"]
[WhiteElo "2229"]
[BlackElo "2354"]
[Annotator "daniel"]
[PlyCount "84"]
[EventDate "2022.??.??"]
[SourceVersionDate "2023.06.22"]

1. e4 c5 2. Nf3 Nc6 3. Bb5 g6 4. O-O Bg7 5. c3 e5 6. d4 cxd4 7. cxd4 Nxd4 8.
Nxd4 exd4 9. Na3 Ne7 10. Bf4 O-O 11. Bd6 Re8 12. Bc4 Nc6 13. Nb5 Re6 14. Re1 a6
15. Bxe6 dxe6 16. Qa4 Bd7 17. Na3 e5 18. Qb3 Na5 19. Qg3 Qf6 20. Bb4 Nc6 21.
Bd2 Qe6 22. Rac1 Qxa2 23. Nc4 Be6 24. Qd3 Bxc4 25. Rxc4 Qxb2 26. Rb1 Qa2 27.
Rxb7 Nd8 28. Rb3 Bf8 $11 29. Bb4 Rb8 30. Ra3 Qb2 31. Bxf8 Qb1+ 32. Qf1 Kxf8 33.
Rc1 Qxe4 34. Qxa6 Rb1 35. Ra1 Rxa1 36. Qd6+ Kg7 37. Rxa1 Ne6 38. g3 $11 Ng5 39.
Ra5 Nf3+ 40. Kg2 Nh4+ 41. Kh3 Qg2+ 42. Kg4 f5+ 0-1

[Event "Lieme- Solingen 3"]
[Site "?"]
[Date "2022.09.11"]
[Round "1.2"]
[White "Wittke, Rene"]
[Black "Michalczak, Thomas"]
[Result "1/2-1/2"]
[WhiteElo "2324"]
[BlackElo "2263"]
[PlyCount "134"]
[EventDate "2022.??.??"]
[SourceVersionDate "2023.06.22"]

1. d4 Nf6 2. Nf3 g6 3. Nc3 d5 4. Bf4 Bg7 5. e3 O-O 6. Be2 c5 7. Ne5 Nc6 8. O-O
cxd4 9. exd4 Bf5 10. Nxc6 bxc6 11. Be5 Ne4 12. Nxe4 Bxe5 13. Ng3 Bd6 14. Nxf5
gxf5 15. Qd2 e6 16. b4 Kh8 17. f4 Rg8 18. c3 Rg6 19. Rf2 Qh4 20. g3 Rag8 21.
Bf1 h5 22. Qe2 Rh6 23. Rg2 Qf6 24. Rd1 h4 25. Qa6 hxg3 26. hxg3 Rh3 27. Qxc6
Bb8 28. Rd3 Qh6 29. Rf3 Qh5 30. Kf2 Rh1 31. Qa6 Rg6 32. Qe2 Kg7 33. Re3 Qh3 34.
Qf3 Rg4 35. Ke2 Kf6 36. Qf2 Qh8 37. Kd1 Bd6 38. Kc2 Rg6 39. Kb3 Qh5 40. Qf3 Rg4
41. Kb2 Qh3 42. Rf2 Qh8 43. Qg2 Bxf4 44. Ref3 Bb8 45. Be2 Rg5 46. g4 Qh6 47.
Bd3 Kg7 48. Bxf5 Rh2 49. Qf1 exf5 50. gxf5 Rxf2+ 51. Rxf2 Qf6 52. Qb5 Bg3 53.
Rf3 Qd6 54. Qe8 Bf4 55. Rh3 Rg2+ 56. Kb3 Bh6 57. Rf3 Qf6 58. a4 Bc1 59. a5 a6
60. Rf1 Bg5 61. b5 axb5 62. Qe5 Qxe5 63. dxe5 Re2 64. Rg1 Kh6 65. Rh1+ Kg7 66.
Rg1 Kh6 67. Rh1+ Kg7 1/2-1/2

[Event "Lieme- Solingen 3"]
[Site "?"]
[Date "2022.09.11"]
[Round "1.3"]
[White "Kniest, Oliver"]
[Black "Bentel, Robin"]
[Result "1/2-1/2"]
[WhiteElo "2273"]
[BlackElo "2242"]
[PlyCount "87"]
[EventDate "2022.??.??"]
[SourceVersionDate "2023.06.22"]

1. d4 Nf6 2. c4 g6 3. Nc3 d5 4. Nf3 Bg7 5. Qb3 dxc4 6. Qxc4 O-O 7. e4 Nc6 8.
Be2 e5 9. d5 Nd4 10. Nxd4 exd4 11. Qxd4 c6 12. Qc4 b5 13. Qb3 a5 14. O-O b4 15.
Na4 cxd5 16. exd5 Bf5 17. Be3 Rc8 18. Rac1 Qxd5 19. Bc4 Qe5 20. h3 Ne4 21. Rfd1
Qf6 22. Nb6 Rcd8 23. Rxd8 Rxd8 24. Rd1 Rxd1+ 25. Qxd1 Nd6 26. Nd5 Qh4 27. Bb3
Bxb2 28. Qd2 Be5 29. Bg5 Qd4 30. Ne7+ Kf8 31. Qxd4 Bxd4 32. Nxf5 Nxf5 33. Bd8
Bc5 34. Bxa5 Nd6 35. Bd5 Ke7 36. Bc7 Kd7 37. Bxd6 Kxd6 38. Bxf7 g5 39. Kf1 Ke5
40. Ke2 Ke4 41. Bg8 h6 42. Bh7+ Ke5 43. g3 Bb6 44. Bg8 1/2-1/2